[Event "Melbourne Australasian IM"]
[Site "Melbourne"]
[Date "2017.12.16"]
[Round "8"]
[White "Canfell, Gregory"]
[Black "Solomon, Stephen J"]
[Result "1-0"]
[WhiteElo "2174"]
[BlackElo "2370"]
[PlyCount "79"]
[EventDate "2017.12.09"]
[EventType "tourn"]
[EventRounds "9"]
[EventCountry "AUS"]
[EventCategory "1"]
[SourceTitle "CBM 182 Extra"]
[Source "ChessBase"]
[SourceDate "2018.02.23"]
[SourceVersion "1"]
[SourceVersionDate "2018.02.23"]
[SourceQuality "1"]

1. e4 e6 2. d4 d5 3. Nd2 c5 4. exd5 exd5 5. Bb5+ Bd7 6. Qe2+ Be7 7. dxc5 Nf6 8. Bxd7+ Nbxd7 9. Nb3 0-0 10. Nf3 Nxc5 11. 0-0 Re8 12. Be3 Nxb3 13. axb3 Bc5 14. Qd3 Bxe3 15. fxe3 Ng4 16. Rae1 Qb6 17. Nd4 Qd6 18. Nf3 Re4 19. h3 Nf6 20. Ng5 Ree8 21. Rf5 h6 22. Nf3 Rad8 23. Rf1 Ne4 24. Nd4 Rd7 25. R5f4 g6 26. c3 a6 27. b4 Rde7 28. Re1 h5 29. Nc2 Ng3 30. Rd1 Rxe3 31. Nxe3 Qxf4 32. Nxd5 Qe5 33. Nf6+ Qxf6 34. Qxg3 Re2 35. Rf1 Qb6+ 36. Kh2 Rxb2 37. Qb8+ Kg7 38. Qe5+ Kf8 39. Qh8+ Ke7 40. Re1+ 1-0

[Event "Melbourne Australasian IM"]
[Site "Melbourne"]
[Date "2017.12.13"]
[Round "5"]
[White "Khamatgaleev, Alexej"]
[Black "Canfell, Gregory"]
[Result "1-0"]
[WhiteElo "2399"]
[BlackElo "2174"]
[PlyCount "79"]
[EventDate "2017.12.09"]
[EventType "tourn"]
[EventRounds "9"]
[EventCountry "AUS"]
[EventCategory "1"]
[SourceTitle "CBM 182 Extra"]
[Source "ChessBase"]
[SourceDate "2018.02.23"]
[SourceVersion "1"]
[SourceVersionDate "2018.02.23"]
[SourceQuality "1"]

1. e4 c6 2. Nc3 d5 3. Nf3 Bg4 4. h3 Bxf3 5. Qxf3 e6 6. d3 Nf6 7. Bd2 Bb4 8. e5 Nfd7 9. Qg4 Bf8 10. f4 c5 11. Be2 Nc6 12. Nd1 Nd4 13. Ne3 h5 14. Qg3 Nxe2 15. Kxe2 g6 16. c4 Nb6 17. Qf3 Qd7 18. Ba5 0-0-0 19. Bxb6 axb6 20. a4 Qc6 21. a5 b5 22. a6 bxa6 23. Ra5 bxc4 24. dxc4 Kb7 25. Rha1 d4 26. Qxc6+ Kxc6 27. Rxa6+ Kd7 28. Ra7+ Ke8 29. Nd1 g5 30. fxg5 Rg8 31. h4 Bg7 32. Ra8 Rf8 33. Rxd8+ Kxd8 34. Ra8+ Ke7 35. Ra7+ Ke8 36. Nf2 Bxe5 37. Ne4 d3+ 38. Kxd3 Bxb2 39. Nf6+ Kd8 40. Ra8+ 1-0

[Event "AUS-ch"]
[Site "Melbourne"]
[Date "2016.01.02"]
[Round "1"]
[White "Canfell, Gregory"]
[Black "Nemeth, John"]
[Result "1-0"]
[WhiteElo "2323"]
[BlackElo "2099"]
[PlyCount "47"]
[EventDate "2016.01.02"]
[EventType "swiss"]
[EventRounds "11"]
[EventCountry "AUS"]
[SourceTitle "CBM 170 Extra"]
[Source "ChessBase"]
[SourceDate "2016.02.25"]
[SourceVersion "1"]
[SourceVersionDate "2016.02.25"]
[SourceQuality "1"]

1. e4 c5 2. Nc3 Nc6 3. Nge2 Nf6 4. d4 cxd4 5. Nxd4 g6 6. Nxc6 bxc6 7. e5 Ng8 8. Bc4 Qa5 9. Qe2 Bg7 10. f4 Nh6 11. Bd2 Qb6 12. 0-0-0 Rb8 13. Bb3 0-0 14. g4 d6 15. h3 dxe5 16. fxe5 Ba6 17. Qe4 c5 18. Be3 Rfc8 19. Rd7 Bb7 20. Nd5 Qb5 21. Nxe7+ Kh8 22. Rxb7 Rxb7 23. Nxc8 Rb8 24. Nd6 1-0

[Event "Australian op"]
[Site "Sydney"]
[Date "2015.01.03"]
[Round "3"]
[White "Canfell, Gregory"]
[Black "Smirnov, Anton"]
[Result "1-0"]
[WhiteElo "2331"]
[BlackElo "2432"]
[PlyCount "105"]
[EventDate "2015.01.02"]
[EventType "swiss"]
[EventRounds "11"]
[EventCountry "AUS"]
[SourceTitle "CBM 164 Extra"]
[Source "ChessBase"]
[SourceDate "2015.03.02"]
[SourceVersion "1"]
[SourceVersionDate "2015.03.02"]
[SourceQuality "1"]

1. e4 c5 2. Nc3 d6 3. Nge2 Nf6 4. g3 g6 5. Bg2 Nc6 6. d3 Bg7 7. h3 Rb8 8. Be3 b5 9. Qd2 b4 10. Nd1 h5 11. f4 Qc7 12. 0-0 Bd7 13. Kh1 a5 14. Rc1 Qc8 15. Nf2 Be6 16. c4 bxc3 17. bxc3 c4 18. Nd4 cxd3 19. e5 Nxe5 20. fxe5 dxe5 21. Nxe6 Qxe6 22. Nxd3 0-0 23. c4 Rfd8 24. Qe2 Nd7 25. Kh2 Qa6 26. Nc5 Nxc5 27. Bxc5 Rd7 28. Rb1 Rbd8 29. Rb6 Qc8 30. Be3 e6 31. c5 h4 32. gxh4 e4 33. Bxe4 Bd4 34. Bxd4 Rxd4 35. Qf3 f5 36. Bc6 Qc7+ 37. Qg3 Qxg3+ 38. Kxg3 Rc4 39. Rb5 a4 40. Bg2 e5 41. h5 Rd3+ 42. Kh2 Rd2 43. Rb6 f4 44. Rxg6+ Kf7 45. c6 Rxa2 46. Kg1 Rd2 47. Rb1 a3 48. Rb7+ Kf8 49. Rf6+ Kg8 50. h6 Rc1+ 51. Kh2 Rd8 52. Rg7+ Kh8 53. Rff7 1-0

[Event "Australian Masters-B"]
[Site "Melbourne"]
[Date "2014.12.21"]
[Round "9"]
[White "Liu, Yi"]
[Black "Canfell, Gregory"]
[Result "1-0"]
[WhiteElo "2233"]
[BlackElo "2349"]
[PlyCount "65"]
[EventDate "2014.12.13"]
[EventType "tourn"]
[EventRounds "9"]
[EventCountry "AUS"]
[SourceTitle "EXT 2016"]
[Source "ChessBase"]
[SourceDate "2015.10.08"]
[SourceVersion "1"]
[SourceVersionDate "2015.10.08"]
[SourceQuality "1"]

1. d4 Nf6 2. Nf3 g6 3. c4 Bg7 4. Nc3 0-0 5. e4 d6 6. Be2 e5 7. 0-0 c6 8. d5 Na6 9. Ne1 Nc5 10. Qc2 a5 11. Be3 cxd5 12. cxd5 b6 13. f3 Nh5 14. Nd3 f5 15. b4 axb4 16. Nxb4 Nf4 17. Rfe1 Ra3 18. Bf1 fxe4 19. fxe4 Qh4 20. Nb5 Rxe3 21. Rxe3 Bh6 22. Ra3 Nxe4 23. g3 Qg4 24. h3 Qg5 25. Qxe4 Bxh3 26. Nxd6 Bxf1 27. Rxf1 Nh3+ 28. Kg2 Rxf1 29. Kxf1 Qc1+ 30. Kg2 Qxa3 31. Kxh3 Bf8 32. Qxe5 Qxb4 33. Qe6+ 1-0

[Event "Australian Masters-B"]
[Site "Melbourne"]
[Date "2014.12.15"]
[Round "3"]
[White "Bjelobrk, Igor"]
[Black "Canfell, Gregory"]
[Result "1-0"]
[WhiteElo "2355"]
[BlackElo "2349"]
[PlyCount "61"]
[EventDate "2014.12.13"]
[EventType "tourn"]
[EventRounds "9"]
[EventCountry "AUS"]
[SourceTitle "EXT 2016"]
[Source "ChessBase"]
[SourceDate "2015.10.08"]
[SourceVersion "1"]
[SourceVersionDate "2015.10.08"]
[SourceQuality "1"]

1. Nf3 Nf6 2. c4 g6 3. Nc3 Bg7 4. e4 d6 5. d4 0-0 6. h3 e5 7. d5 Na6 8. Bg5 h6 9. Be3 Nc5 10. Nd2 a5 11. g4 c6 12. Be2 Bd7 13. h4 cxd5 14. cxd5 b5 15. g5 hxg5 16. hxg5 Nh7 17. Nxb5 Bxb5 18. Bxb5 Rb8 19. a4 Nxg5 20. Qg4 Bf6 21. Ke2 Rxb5 22. axb5 Qb6 23. Bxg5 Qxb5+ 24. Kf3 Bg7 25. Be3 f5 26. Qxg6 Nxe4 27. Qe6+ Rf7 28. Nxe4 fxe4+ 29. Kg2 Qe2 30. Rh3 Kf8 31. Rxa5 1-0

[Event "Sydney op"]
[Site "Sydney"]
[Date "2014.04.23"]
[Round "2"]
[White "Melkumyan, Hrant"]
[Black "Canfell, Gregory"]
[Result "1-0"]
[WhiteElo "2633"]
[BlackElo "2304"]
[PlyCount "68"]
[EventDate "2014.04.23"]
[EventType "swiss"]
[EventRounds "9"]
[EventCountry "AUS"]
[SourceTitle "CBM 160 Extra"]
[Source "ChessBase"]
[SourceDate "2014.07.01"]
[SourceVersion "1"]
[SourceVersionDate "2014.07.01"]
[SourceQuality "1"]

1. d4 Nf6 2. c4 g6 3. Nc3 Bg7 4. e4 d6 5. h3 0-0 6. Bg5 c6 7. Nf3 e5 8. d5 Na6 9. Nd2 h6 10. Be3 Nh5 11. g3 Nc5 12. Be2 Nf6 13. g4 a5 14. h4 cxd5 15. cxd5 Bd7 16. h5 b5 17. Bxc5 dxc5 18. g5 hxg5 19. Bxb5 Bg4 20. Be2 Bxh5 21. Bxh5 Nxh5 22. Rxh5 gxh5 23. Qxh5 Ra6 24. 0-0-0 Rg6 25. Nc4 Qf6 26. Qe2 g4 27. d6 Rd8 28. Nd5 Qg5+ 29. Nde3 Qf4 30. Qd2 Qxe4 31. Qxa5 Rd7 32. Qxc5 Bf8 33. Qc8 Rdxd6 34. Nxd6 Qb4 1-0

[Event "AUS-ch"]
[Site "Melbourne"]
[Date "2014.01.11"]
[Round "11"]
[White "Morris, James"]
[Black "Canfell, Gregory"]
[Result "1-0"]
[WhiteElo "2405"]
[BlackElo "2343"]
[PlyCount "53"]
[EventDate "2014.01.02"]
[EventType "swiss"]
[EventRounds "11"]
[EventCountry "AUS"]
[SourceTitle "CBM 158 Extra"]
[Source "ChessBase"]
[SourceDate "2014.02.28"]
[SourceVersion "1"]
[SourceVersionDate "2014.02.28"]
[SourceQuality "1"]

1. e4 c5 2. Nc3 a6 3. a4 d6 4. f4 Nc6 5. Nf3 g6 6. Bc4 Bg7 7. 0-0 Nf6 8. d3 0-0 9. Bb3 Rb8 10. Qe1 b5 11. axb5 axb5 12. e5 Nh5 13. h3 dxe5 14. f5 Nd4 15. fxg6 hxg6 16. Nxd4 cxd4 17. Ne4 Bb7 18. Ng5 Bf6 19. g4 Qd7 20. gxh5 Bxg5 21. Qg3 Bxc1 22. Raxc1 e6 23. Rf6 Qc6 24. Kh2 Kh8 25. Rg1 Rg8 26. Qh4 g5 27. Rh6+ 1-0

[Event "AUS-ch"]
[Site "Melbourne"]
[Date "2014.01.05"]
[Round "5"]
[White "Zulfic, Fedja"]
[Black "Canfell, Gregory"]
[Result "1-0"]
[WhiteElo "2152"]
[BlackElo "2343"]
[PlyCount "59"]
[EventDate "2014.01.02"]
[EventType "swiss"]
[EventRounds "11"]
[EventCountry "AUS"]
[SourceTitle "CBM 158 Extra"]
[Source "ChessBase"]
[SourceDate "2014.02.28"]
[SourceVersion "1"]
[SourceVersionDate "2014.02.28"]
[SourceQuality "1"]

1. e4 c5 2. Nf3 e6 3. d4 cxd4 4. Nxd4 Nf6 5. Nc3 d6 6. g4 h6 7. h4 Nc6 8. Rg1 h5 9. gxh5 Nxh5 10. Bg5 Nf6 11. Qd2 a6 12. Be2 Bd7 13. 0-0-0 Qb6 14. Nb3 Qxf2 15. h5 Nxh5 16. Be3 Qf6 17. Rg5 g6 18. e5 Nxe5 19. Ne4 Qg7 20. Nxd6+ Bxd6 21. Qxd6 f6 22. Rxe5 fxe5 23. Nc5 Nf6 24. Bg5 Rh7 25. Bxf6 Qxf6 26. Nxd7 Qg5+ 27. Kb1 Re7 28. Nb6 Qg2 29. Bc4 Qg4 30. b3 1-0

[Event "Australian op"]
[Site "Cammeray"]
[Date "2013.01.08"]
[Round "7"]
[White "Canfell, Gregory"]
[Black "Otgonjargal, Sengeravdan"]
[Result "1-0"]
[WhiteElo "2360"]
[BlackElo "2153"]
[PlyCount "47"]
[EventDate "2013.01.02"]
[EventType "swiss"]
[EventRounds "11"]
[EventCountry "AUS"]
[SourceTitle "CBM 152 Extra"]
[Source "ChessBase"]
[SourceDate "2013.02.25"]
[SourceVersion "1"]
[SourceVersionDate "2013.02.25"]
[SourceQuality "1"]

1. e4 e5 2. Nf3 Nc6 3. Bc4 Bc5 4. c3 Nf6 5. d3 0-0 6. 0-0 d5 7. exd5 Nxd5 8. Re1 Nb6 9. Bb3 Bg4 10. Qe2 Kh8 11. Nbd2 f5 12. Nf1 Bxf3 13. Qxf3 e4 14. Qh3 Qxd3 15. Qxd3 exd3 16. Bf4 Rad8 17. Rad1 Rd7 18. Be6 Re7 19. Bg5 Ree8 20. Bf4 Nd8 21. Bb3 Re2 22. Ne3 Bxe3 23. Bxe3 Rxb2 24. Bc5 1-0

[Event "Sydney op"]
[Site "Sydney"]
[Date "2011.04.28"]
[Round "4"]
[White "Canfell, Gregory"]
[Black "Arutinian, David"]
[Result "1/2-1/2"]
[WhiteElo "2313"]
[BlackElo "2575"]
[PlyCount "64"]
[EventDate "2011.04.27"]
[EventType "swiss"]
[EventRounds "9"]
[EventCountry "AUS"]
[SourceTitle "CBM 142 Extra"]
[Source "ChessBase"]
[SourceDate "2011.06.27"]
[SourceVersion "1"]
[SourceVersionDate "2011.06.27"]
[SourceQuality "1"]

1. e4 g6 2. d4 Bg7 3. Nc3 d6 4. Nf3 a6 5. Bc4 e6 6. Bg5 Ne7 7. Qd2 h6 8. Be3 Nd7 9. a4 d5 10. Bb3 dxe4 11. Nxe4 Nf5 12. Bf4 g5 13. Bg3 g4 14. Ng1 Nxg3 15. hxg3 b6 16. 0-0-0 Bb7 17. d5 Ne5 18. Qe2 exd5 19. f4 gxf3 20. Nxf3 Qe7 21. Bxd5 0-0-0 22. Nc3 Rhe8 23. Rhe1 c6 24. Bb3 Rxd1+ 25. Rxd1 Ng4 26. Qd3 Kb8 27. Re1 Qf8 28. Rxe8+ Qxe8 29. Ne4 Ne5 30. Qd6+ Ka7 31. Qc7 Qc8 32. Qe7 Qd7 1/2-1/2

[Event "AUS-ch Major"]
[Site "Cammeray"]
[Date "2011.01.12"]
[Round "10"]
[White "Canfell, Gregory"]
[Black "Ly, Moulthun"]
[Result "0-1"]
[WhiteElo "2297"]
[BlackElo "2321"]
[PlyCount "64"]
[EventDate "2011.01.02"]
[EventType "swiss"]
[EventRounds "11"]
[EventCountry "AUS"]
[SourceTitle "CBM 140 Extra"]
[Source "ChessBase"]
[SourceDate "2011.03.01"]
[SourceVersion "1"]
[SourceVersionDate "2011.03.01"]
[SourceQuality "1"]

1. e4 c5 2. Nf3 d6 3. d4 cxd4 4. Nxd4 Nf6 5. Nc3 a6 6. Be2 g6 7. 0-0 Bg7 8. f4 0-0 9. Kh1 Qc7 10. Bf3 e5 11. Nde2 Nbd7 12. Be3 b5 13. a3 Bb7 14. Qe1 exf4 15. Bxf4 Rae8 16. Rd1 Ne5 17. Qg3 Qb6 18. Rd4 Re6 19. Rfd1 Rfe8 20. Be3 Nxf3 21. Qxf3 Nxe4 22. Rxe4 Bxe4 23. Nxe4 Qc7 24. N2g3 d5 25. Rxd5 f5 26. Nd6 Rxd6 27. Bf4 Re1+ 28. Nf1 Qc4 29. Rd3 Rxd3 30. cxd3 Qc6 31. Qf2 Qe6 32. h3 Qe2 0-1

[Event "AUS-ch Major"]
[Site "Cammeray"]
[Date "2011.01.05"]
[Round "4"]
[White "Papp, Alexander"]
[Black "Canfell, Gregory"]
[Result "0-1"]
[WhiteElo "1909"]
[BlackElo "2297"]
[PlyCount "68"]
[EventDate "2011.01.02"]
[EventType "swiss"]
[EventRounds "11"]
[EventCountry "AUS"]
[SourceTitle "CBM 140 Extra"]
[Source "ChessBase"]
[SourceDate "2011.03.01"]
[SourceVersion "1"]
[SourceVersionDate "2011.03.01"]
[SourceQuality "1"]

1. d4 Nf6 2. Nf3 g6 3. Nc3 d5 4. Bf4 Bg7 5. e3 0-0 6. Be2 c5 7. Ne5 Nc6 8. Qd2 Nd7 9. Nxd7 cxd4 10. Nxf8 dxc3 11. bxc3 Qa5 12. 0-0 Bxc3 13. Qd1 Kxf8 14. Bh6+ Kg8 15. Rb1 Qxa2 16. Bf3 e6 17. h4 Qc4 18. h5 b6 19. Be2 Qh4 20. f4 Qe7 21. Rf3 Bb7 22. Rh3 Bf6 23. Bd3 e5 24. hxg6 hxg6 25. Bxg6 fxg6 26. Qxd5+ Qf7 27. Qd3 Rd8 28. Qe2 Bc8 29. Rh2 exf4 30. exf4 Nd4 31. Qe3 Nf5 32. Qf3 Re8 33. Bg5 Bd4+ 34. Kh1 Re3 0-1

[Event "AUS-ch Major"]
[Site "Cammeray"]
[Date "2011.01.02"]
[Round "1"]
[White "Canfell, Gregory"]
[Black "Fry, Peter"]
[Result "1-0"]
[WhiteElo "2297"]
[BlackElo "1870"]
[PlyCount "61"]
[EventDate "2011.01.02"]
[EventType "swiss"]
[EventRounds "11"]
[EventCountry "AUS"]
[SourceTitle "CBM 140 Extra"]
[Source "ChessBase"]
[SourceDate "2011.03.01"]
[SourceVersion "1"]
[SourceVersionDate "2011.03.01"]
[SourceQuality "1"]

1. Nf3 c6 2. g3 d5 3. Bg2 Nf6 4. 0-0 Bf5 5. d3 Nbd7 6. Nbd2 e6 7. b3 h6 8. Bb2 Be7 9. e4 dxe4 10. dxe4 Bh7 11. Qe2 0-0 12. Rad1 Qc7 13. e5 Nd5 14. Ne4 Nc5 15. Nfd2 Nb4 16. Nxc5 Bxc5 17. Ne4 Bxe4 18. Bxe4 Rfd8 19. a3 Nd5 20. c4 Nb6 21. Bd3 Nd7 22. Kg2 a5 23. f4 g6 24. g4 Nf8 25. f5 Bd4 26. fxg6 fxg6 27. Rxf8+ Kxf8 28. Bxd4 Qg7 29. Bc5+ Kg8 30. Rf1 b5 31. Rf6 1-0

[Event "Oceania zt"]
[Site "Gold Coast"]
[Date "2009.06.25"]
[Round "8"]
[White "Canfell, Gregory"]
[Black "Stevens, Tristan"]
[Result "1-0"]
[WhiteElo "2327"]
[BlackElo "2006"]
[PlyCount "61"]
[EventDate "2009.06.20"]
[EventType "swiss"]
[EventRounds "9"]
[EventCountry "AUS"]
[SourceTitle "CBM 130 Extra"]
[Source "ChessBase"]
[SourceDate "2009.07.02"]
[SourceVersion "2"]
[SourceVersionDate "2009.07.15"]
[SourceQuality "1"]

1. e4 e5 2. Nf3 Nc6 3. Bb5 a6 4. Ba4 Nf6 5. 0-0 Be7 6. Bxc6 dxc6 7. Qe1 Nd7 8. b3 Bd6 9. Bb2 f6 10. d3 Nc5 11. Nc3 Bg4 12. Nh4 Ne6 13. f3 Bh5 14. Nf5 Bg6 15. Ne2 Qd7 16. Rd1 0-0-0 17. Nxd6+ cxd6 18. d4 exd4 19. Nxd4 Nxd4 20. Bxd4 Qc7 21. c4 Rhe8 22. Qf2 c5 23. Be3 Bf7 24. Rd3 b5 25. cxb5 axb5 26. Rfd1 g5 27. Qd2 Re6 28. Bf2 Kb7 29. b4 c4 30. Ra3 Ra8 31. Qd5+ 1-0

[Event "Oceania zt"]
[Site "Gold Coast"]
[Date "2009.06.22"]
[Round "5"]
[White "Scott, Ronald"]
[Black "Canfell, Gregory"]
[Result "0-1"]
[WhiteElo "2261"]
[BlackElo "2327"]
[PlyCount "52"]
[EventDate "2009.06.20"]
[EventType "swiss"]
[EventRounds "9"]
[EventCountry "AUS"]
[SourceTitle "CBM 130 Extra"]
[Source "ChessBase"]
[SourceDate "2009.07.02"]
[SourceVersion "2"]
[SourceVersionDate "2009.07.15"]
[SourceQuality "1"]

1. e4 c5 2. Nf3 e6 3. d4 cxd4 4. Nxd4 Nf6 5. Nc3 d6 6. g4 h6 7. h4 Nc6 8. Rg1 h5 9. gxh5 Rxh5 10. Bg5 Rh8 11. Qd2 a6 12. 0-0-0 Qb6 13. Nb3 Bd7 14. Bg2 Ne5 15. Qe2 Rc8 16. f4 Nc4 17. e5 Nh5 18. Rge1 d5 19. Nxd5 exd5 20. Bxd5 Be6 21. f5 Ng3 22. Qd3 Bxf5 23. Qxg3 Ne3 24. Bxe3 Rxc2+ 25. Kb1 Qxb3 26. axb3 Rc5+ 0-1

[Event "Oceania zt"]
[Site "Gold Coast"]
[Date "2009.06.21"]
[Round "4"]
[White "Canfell, Gregory"]
[Black "Zhao, Zong Yuan"]
[Result "0-1"]
[WhiteElo "2327"]
[BlackElo "2583"]
[PlyCount "108"]
[EventDate "2009.06.20"]
[EventType "swiss"]
[EventRounds "9"]
[EventCountry "AUS"]
[SourceTitle "CBM 130 Extra"]
[Source "ChessBase"]
[SourceDate "2009.07.02"]
[SourceVersion "2"]
[SourceVersionDate "2009.07.15"]
[SourceQuality "1"]

1. e4 e5 2. Nf3 Nc6 3. Bb5 a6 4. Ba4 Nf6 5. 0-0 b5 6. Bb3 Bc5 7. c3 d6 8. Re1 0-0 9. d4 Bb6 10. Bg5 h6 11. Bh4 Bd7 12. a4 g5 13. axb5 axb5 14. Rxa8 Qxa8 15. dxe5 Nxe5 16. Nxe5 dxe5 17. Bg3 Re8 18. Nd2 Qc6 19. Nf3 Qc5 20. Qd2 Be6 21. Bc2 Nd7 22. b4 Qd6 23. Bd3 c6 24. h4 g4 25. Nh2 Kg7 26. Rd1 Ra8 27. Qc1 Qe7 28. Be2 h5 29. Kh1 f6 30. f3 Ra2 31. Rd2 gxf3 32. Bxf3 Rxd2 33. Qxd2 Bf7 34. Nf1 Nf8 35. Ne3 Bxe3 36. Qxe3 Ne6 37. Be1 c5 38. Bd2 cxb4 39. cxb4 Kg8 40. g3 Qd7 41. Kh2 Nd4 42. Bd1 Bg6 43. Qh6 Qf7 44. Kh3 Qe6+ 45. Kh2 Qf7 46. Kh3 Bxe4 47. Bxh5 Qe6+ 48. Kh2 Qf5 49. Qe3 Bc6 50. Be2 Qb1 51. Kh3 Qh1+ 52. Kg4 Qd5 53. Bd3 Qe6+ 54. Kh5 Be8+ 0-1

[Event "Oceania zt"]
[Site "Gold Coast"]
[Date "2009.06.21"]
[Round "3"]
[White "Chan, Jason"]
[Black "Canfell, Gregory"]
[Result "0-1"]
[WhiteElo "2056"]
[BlackElo "2327"]
[PlyCount "56"]
[EventDate "2009.06.20"]
[EventType "swiss"]
[EventRounds "9"]
[EventCountry "AUS"]
[SourceTitle "CBM 130 Extra"]
[Source "ChessBase"]
[SourceDate "2009.07.02"]
[SourceVersion "2"]
[SourceVersionDate "2009.07.15"]
[SourceQuality "1"]

1. e4 c5 2. Nf3 e6 3. d3 Nc6 4. g3 d5 5. Nbd2 Bd6 6. Bg2 Nge7 7. 0-0 0-0 8. Nh4 b6 9. f4 dxe4 10. dxe4 e5 11. f5 f6 12. Kh1 Rb8 13. Rg1 b5 14. a4 a6 15. axb5 axb5 16. Ndf3 c4 17. Be3 Bc7 18. Qxd8 Rxd8 19. c3 Na5 20. Ne1 Bb7 21. Nc2 Nb3 22. Rad1 Nc6 23. Bf3 Rd3 24. Be2 Nca5 25. Bxd3 cxd3 26. Nb4 Bxe4+ 27. Ng2 Nc4 28. Bf2 d2 0-1

[Event "New South Wales-ch"]
[Site "Sydney"]
[Date "2008.08.13"]
[Round "2"]
[White "Rej, Tomek"]
[Black "Canfell, Gregory"]
[Result "0-1"]
[WhiteElo "2283"]
[BlackElo "2315"]
[PlyCount "136"]
[EventDate "2008.08.07"]
[EventType "tourn"]
[EventRounds "9"]
[EventCountry "AUS"]
[SourceTitle "EXT 2010"]
[Source "ChessBase"]
[SourceDate "2010.11.25"]
[SourceVersion "1"]
[SourceVersionDate "2010.11.25"]
[SourceQuality "1"]

1. d4 Nf6 2. c4 g6 3. Nc3 Bg7 4. e4 d6 5. Nf3 0-0 6. Be2 e5 7. 0-0 c6 8. Be3 Qe7 9. d5 Ng4 10. Bg5 f6 11. Bh4 c5 12. Ne1 h5 13. Nc2 Nh6 14. h3 Nf7 15. Ne3 Ng5 16. Qd3 f5 17. Nxf5 gxf5 18. Qg3 Bh6 19. f4 exf4 20. Rxf4 Qg7 21. Raf1 Nh7 22. R4f3 f4 23. Qxg7+ Kxg7 24. Be7 Nd7 25. Bxd6 Re8 26. Bxf4 Bxf4 27. Rxf4 Nhf6 28. Bd3 a6 29. Bc2 b5 30. R1f3 Rb8 31. Rg3+ Kf7 32. cxb5 axb5 33. a4 bxa4 34. Bxa4 Rxb2 35. Nb5 Rxb5 36. Bxb5 Rxe4 37. Rf1 Ne5 38. Ra3 Bd7 39. Ra7 Kg6 40. Ra6 Bxb5 41. Rfxf6+ Kg5 42. Rab6 Bc4 43. Rfd6 Rd4 44. Rd8 Rxd5 45. Rg8+ Kf5 46. Rf8+ Ke4 47. Rb1 Bd3 48. Re1+ Kd4 49. Rf4+ Kc3 50. Rc1+ Kb2 51. Re1 c4 52. Rf2+ Kb3 53. Ra1 c3 54. Rfa2 c2 55. Ra3+ Kc4 56. Kf2 Rb5 57. Rc1 Rb1 58. Ra1 Rxa1 59. Rxa1 Kc3 60. Re1 Kd2 61. Ra1 Bg6 62. Ra2 Kc3 63. Rxc2+ Bxc2 64. Kg3 Ng6 65. Kf3 Kd4 66. g4 h4 67. g5 Bf5 68. Kg2 Ke3 0-1

[Event "AUS-ch"]
[Site "Parramatta"]
[Date "2008.01.04"]
[Round "4"]
[White "Canfell, Gregory"]
[Black "Boyd, Tristan"]
[Result "0-1"]
[WhiteElo "2315"]
[BlackElo "2270"]
[PlyCount "100"]
[EventDate "2008.01.02"]
[EventType "swiss"]
[EventRounds "11"]
[EventCountry "AUS"]
[SourceTitle "CBM 122 Extra"]
[Source "ChessBase"]
[SourceDate "2008.03.04"]
[SourceVersion "1"]
[SourceVersionDate "2008.03.04"]
[SourceQuality "1"]

1. Nf3 Nf6 2. d4 g6 3. c4 Bg7 4. Nc3 0-0 5. Bf4 d5 6. Qb3 dxc4 7. Qxc4 Na6 8. e4 c5 9. d5 e6 10. 0-0-0 exd5 11. exd5 Bf5 12. h3 Qa5 13. g4 Bd7 14. Ne5 Rad8 15. a3 Ne8 16. Qb3 Nd6 17. Nc4 Nxc4 18. Bxc4 b5 19. Nxb5 Rb8 20. a4 Rb7 21. Kb1 Nb4 22. Rhe1 a6 23. Nc3 Bc8 24. Qa3 Qd8 25. Be3 Qa5 26. Re2 Re8 27. Red2 Bd7 28. Rc1 f5 29. d6+ Kh8 30. Nd5 fxg4 31. hxg4 Bxg4 32. Ne7 Bf6 33. Bf7 Rexe7 34. dxe7 Bf5+ 35. Ka1 Rxe7 36. Bb3 Nd3 37. Rcd1 Rd7 38. Bc4 Nxb2 39. Rxb2 Rxd1+ 40. Ka2 Rd8 41. Bxc5 Re8 42. Be3 Qe5 43. Bxa6 Be6+ 44. Kb1 Bf5+ 45. Ka1 Rb8 46. Bc1 Qe1 47. Ka2 Be6+ 48. Kb1 Rxb2+ 49. Qxb2 Bxb2 50. Kxb2 Qxf2+ 0-1

[Event "AUS-ch"]
[Site "Parramatta"]
[Date "2008.01.03"]
[Round "3"]
[White "Solomon, Stephen J"]
[Black "Canfell, Gregory"]
[Result "1-0"]
[WhiteElo "2468"]
[BlackElo "2315"]
[PlyCount "97"]
[EventDate "2008.01.02"]
[EventType "swiss"]
[EventRounds "11"]
[EventCountry "AUS"]
[SourceTitle "CBM 122 Extra"]
[Source "ChessBase"]
[SourceDate "2008.03.04"]
[SourceVersion "1"]
[SourceVersionDate "2008.03.04"]
[SourceQuality "1"]

1. e4 c5 2. Nf3 e6 3. d4 cxd4 4. Nxd4 Nf6 5. Nc3 d6 6. Be2 Be7 7. 0-0 0-0 8. Be3 Nc6 9. f4 e5 10. fxe5 dxe5 11. Nf5 Bxf5 12. Rxf5 g6 13. Rf2 Qxd1+ 14. Rxd1 Nd4 15. Bg5 Kg7 16. Bc4 Rac8 17. Bb3 Ng8 18. Bxe7 Nxe7 19. Nd5 Nxd5 20. Bxd5 Rxc2 21. Rxc2 Nxc2 22. Bxb7 Nd4 23. b3 f5 24. exf5 gxf5 25. Kf2 Rf7 26. Ba6 Rc7 27. Bc4 Kf6 28. Rd3 Rd7 29. Ke3 Rg7 30. Rd2 Rg4 31. Bd5 Rg7 32. b4 Rc7 33. Rxd4 exd4+ 34. Kxd4 Rc1 35. a4 Rd1+ 36. Kc5 Ke5 37. Bf3 Rc1+ 38. Kb5 Kd6 39. a5 Kc7 40. h4 h6 41. h5 f4 42. Ka6 Rb1 43. Kb5 Rc1 44. Ka6 Rb1 45. b5 Ra1 46. Bb7 Ra3 47. Kxa7 Rxa5+ 48. Ba6 Kd6 49. b6 1-0